| 000 | 00549cam a2200145 4500500 | ||
|---|---|---|---|
| 005 | 20260111142052.0 | ||
| 041 | _afre | ||
| 042 | _adc | ||
| 100 | 1 | 0 |
_aHartmann, Pierre _eauthor |
| 245 | 0 | 0 | _aMartin Wählberg, La Scène de musique dans le roman du 18e siècle, Paris, Classiques Garnier, 2015, 453 p. |
| 260 | _c2017. | ||
| 500 | _a17 | ||
| 786 | 0 | _nDix-huitième siècle | 49 | 1 | 2017-05-30 | p. LXXXVII-LXXXVII | 0070-6760 | |
| 856 | 4 | 1 | _uhttps://shs.cairn.info/revue-dix-huitieme-siecle-2017-1-page-LXXXVII?lang=fr&redirect-ssocas=7080 |
| 999 |
_c1635433 _d1635433 |
||